<?xml version="1.0" encoding="UTF-8"?>
<record
    xmlns:xsi="http://www.w3.org/2001/XMLSchema-instance"
    xsi:schemaLocation="http://www.loc.gov/MARC21/slim http://www.loc.gov/standards/marcxml/schema/MARC21slim.xsd"
    xmlns="http://www.loc.gov/MARC21/slim">

  <leader>00535    a2200169   4500</leader>
  <datafield tag="999" ind1=" " ind2=" ">
    <subfield code="c">29319</subfield>
    <subfield code="d">29319</subfield>
  </datafield>
  <controlfield tag="003">NUST</controlfield>
  <controlfield tag="005">20180118143617.0</controlfield>
  <controlfield tag="008">180118b        xxu||||| |||| 00| 0 eng d</controlfield>
  <datafield tag="020" ind1=" " ind2=" ">
    <subfield code="a">8171419682</subfield>
  </datafield>
  <datafield tag="020" ind1=" " ind2=" ">
    <subfield code="a">9788171419685</subfield>
  </datafield>
  <datafield tag="082" ind1=" " ind2=" ">
    <subfield code="a">517.3</subfield>
  </datafield>
  <datafield tag="100" ind1=" " ind2=" ">
    <subfield code="a">Sharma,A. K</subfield>
    <subfield code="9">8820</subfield>
  </datafield>
  <datafield tag="245" ind1="0" ind2="0">
    <subfield code="a">Text book of integral calculus.</subfield>
    <subfield code="c">A. K. Sharma</subfield>
  </datafield>
  <datafield tag="260" ind1=" " ind2=" ">
    <subfield code="a">[S.l.] :</subfield>
    <subfield code="b">Discovery Publishing House,</subfield>
    <subfield code="c">2007</subfield>
  </datafield>
  <datafield tag="300" ind1=" " ind2=" ">
    <subfield code="a">1 v. (unpaged)</subfield>
  </datafield>
  <datafield tag="700" ind1=" " ind2=" ">
    <subfield code="a">Sharma,A. K</subfield>
    <subfield code="9">8820</subfield>
  </datafield>
  <datafield tag="942" ind1=" " ind2=" ">
    <subfield code="a">SNS</subfield>
    <subfield code="c">BK</subfield>
    <subfield code="k">517.3 SHA</subfield>
    <subfield code="2">ddc</subfield>
  </datafield>
  <datafield tag="952" ind1=" " ind2=" ">
    <subfield code="0">0</subfield>
    <subfield code="1">0</subfield>
    <subfield code="4">0</subfield>
    <subfield code="7">0</subfield>
    <subfield code="a">SNS</subfield>
    <subfield code="b">SNS</subfield>
    <subfield code="d">2016-05-26</subfield>
    <subfield code="l">1</subfield>
    <subfield code="o">517.3 SHA</subfield>
    <subfield code="p">SNS0000845</subfield>
    <subfield code="r">2021-03-11</subfield>
    <subfield code="s">2020-01-24</subfield>
    <subfield code="w">2016-05-26</subfield>
    <subfield code="y">BK</subfield>
  </datafield>
</record>
